000 01227nam a22002297a 4500
003 OSt
005 20250717052207.0
008 250717b |||||||| |||| 00| 0 eng d
020 _a9789719081968
040 _aDWCL-Main lib
_cOC
082 _aSC. 305.89921 A628 2016
100 _aPhilippine Rice Research Institute
245 _a Anthropological and socioeconomic characterization of selected indigenous farming communities in the Bicol Region/
_cPhilippine Rice Research Institute
250 _aFirst edition.
260 _aLos Baños, Laguna :
_bPhilippine Rice Research Institute, Los Baños Field Office Department of Agriculture RO V,
_c 2016.
300 _a4 volumes :
_bcolor illustrations, photographs ;
_c23 cm.
504 _aVol. 1 - Tingog kan San Pedro (Voices of San Pedro). Vol. 2 - An Makabagong Gatbo (A Modern Gatbo). Vol. 3 - Nagtatalubong Danao (Growing Danao). Vol. 4 - Pagsasabot sa Joroan, Misibis, asin Mayong (Understanding of Joroan, Misibis, and Mayong)
650 _a1. Indigenous people--Social life and customs--Philippines--Bicol.
650 _a2. Traditional farming--Philippines--Bicol.
700 _aDeapartment of Agriculture, Ro V
942 _2ddc
_cSC
_eFirst edition.
_kSC.
_n0
999 _c3739
_d3739